00654nam a2200193Ia 4500008004100000082001700041100001300058245004400071250000800115260003400123300001100157500002400168650001500192700001700207942000700224952010600231952010600337999001700443230524s9999 xx 000 0 und d a621.319bJAI aP.K.Jain 0aNetworks Filters and Transmission Lines a9TH aNEW DELHIbMc Graw-Hillc2003 aIX;381 aQuantity Number: 2 aElectrical a Gurbin Kaur cBK 00104070aTATCLbTATCLcGENd2023-05-24l0o621.319 JAIp6552r2023-05-24w2023-05-24yBKzCPES5201 00104070aTATCLbTATCLcGENd2023-05-24l0o621.319 JAIp6553r2023-05-24w2023-05-24yBKzCPES5201 c17737d17737